Real estate (Record no. 84059)

MARC details
000 -LEADER
fixed length control field 01297cad a22002415a 4500
001 - CONTROL NUMBER
control field L156533
008 - FIXED-LENGTH DATA ELEMENTS--GENERAL INFORMATION
fixed length control field 120606s2012 xxk 000 0 eng d
035 ## - SYSTEM CONTROL NUMBER
System control number (Sirsi) u156533
041 0# - LANGUAGE CODE
Language code of text/sound track or separate title eng
110 2# - MAIN ENTRY--CORPORATE NAME
Corporate name or jurisdiction name as entry element International Comparative Legal Guides
9 (RLIN) 6082
245 00 - TITLE STATEMENT
Title Real estate
Remainder of title 2012
Medium [electronic resource]
260 ## - PUBLICATION, DISTRIBUTION, ETC.
Place of publication, distribution, etc. London
Name of publisher, distributor, etc. ICLG
Date of publication, distribution, etc. 2012
490 #0 - SERIES STATEMENT
Series statement International Comparative Legal Guides
Volume/sequential designation Real estate 2012
520 ## - SUMMARY, ETC.
Summary, etc. Covers the law relating to real estate in 39 jurisdictions together with an introductory chapter. Areas of law covered include: real estate law; ownership; real estate rights; system of registration; the registry/registries; real estate market; liabilities of buyers and sellers in real estate transactions; finance and banking; tax; leases of business premises; public law permits and obligations; and climate change. Access to this online version of the ICLG guide is free after registration.
590 ## - LOCAL NOTE (RLIN)
Local note KA
651 #4 - SUBJECT ADDED ENTRY--GEOGRAPHIC NAME
Geographic name International
690 ## - LOCAL SUBJECT ADDED ENTRY--TOPICAL TERM (OCLC, RLIN)
Topical term or geographic name as entry element Landlord and tenant
9 (RLIN) 6252
690 ## - LOCAL SUBJECT ADDED ENTRY--TOPICAL TERM (OCLC, RLIN)
Topical term or geographic name as entry element Residential property
9 (RLIN) 6266
690 ## - LOCAL SUBJECT ADDED ENTRY--TOPICAL TERM (OCLC, RLIN)
Topical term or geographic name as entry element Commercial property
9 (RLIN) 6227
700 1# - ADDED ENTRY--PERSONAL NAME
Personal name Lagler, Michael F.
856 40 - ELECTRONIC LOCATION AND ACCESS
Uniform Resource Identifier <a href="https://www.iclg.co.uk/practice-areas/real-estate/real-estate-2012">https://www.iclg.co.uk/practice-areas/real-estate/real-estate-2012</a>
Public note View the online guide after free registration at www.iclg.co.uk
942 ## - ADDED ENTRY ELEMENTS (KOHA)
Suppress in OPAC 0
Holdings
Withdrawn status Lost status Source of classification or shelving scheme Damaged status Not for loan Home library Current library Shelving location Date acquired Total Checkouts Full call number Barcode Date last seen Copy number Price effective from Koha item type
    Dewey Decimal Classification     Virtual Virtual Online 03/06/2012   ONLINE PUBLICATION 156533-2001 06/08/2019 1 06/08/2019 Book